The world made new : (Record no. 5515)

MARC details
000 -LEADER
fixed length control field 00938nam a22002777a 4500
001 - CONTROL NUMBER
control field 5515
003 - CONTROL NUMBER IDENTIFIER
control field FISKH
005 - DATE AND TIME OF LATEST TRANSACTION
control field 20241216120810.0
008 - FIXED-LENGTH DATA ELEMENTS--GENERAL INFORMATION
fixed length control field 241216b cb ||||| |||| 00| 0 eng d
020 ## - INTERNATIONAL STANDARD BOOK NUMBER
International Standard Book Number 9780545109017
040 ## - CATALOGING SOURCE
Original cataloging agency FISKH
Language of cataloging eng
Transcribing agency FISKH
Modifying agency FISKH
050 ## - LIBRARY OF CONGRESS CALL NUMBER
Classification number G80.A745
082 ## - DEWEY DECIMAL CLASSIFICATION NUMBER
Classification number 910.9
100 ## - MAIN ENTRY--PERSONAL NAME
Personal name Aronson, Marc
245 ## - TITLE STATEMENT
Title The world made new :
Remainder of title why the age of exploration happened and how it changed the world /
Statement of responsibility, etc. by Marc Aronson & John W. Glenn
250 ## - EDITION STATEMENT
Edition statement First Scholastic printing, November 2008
260 ## - PUBLICATION, DISTRIBUTION, ETC.
Place of publication, distribution, etc. New York :
Name of publisher, distributor, etc. Scholastic ;
Date of publication, distribution, etc. 2007.
300 ## - PHYSICAL DESCRIPTION
Extent 64 pages :
Other physical details color illustrations, maps ;
Dimensions 26 cm .
505 ## - FORMATTED CONTENTS NOTE
Formatted contents note S <br/>
520 ## - SUMMARY, ETC.
Summary, etc. Describes how the discoveries made by the Europeans around the time of Columbus changed the world.
521 8# - TARGET AUDIENCE NOTE
Target audience note 800 <br/>
Source Lexile estimate <br/>
521 8# - TARGET AUDIENCE NOTE
Target audience note S <br/>
Source Raz-Plus <br/>
700 ## - ADDED ENTRY--PERSONAL NAME
Personal name Glenn, John W
Relator term illustrator
942 ## - ADDED ENTRY ELEMENTS (KOHA)
Source of classification or shelving scheme Dewey Decimal Classification
Koha item type Books
Suppress in OPAC No
Holdings
Withdrawn status Lost status Source of classification or shelving scheme Damaged status Not for loan Collection Home library Current library Shelving location Date acquired Total Checkouts Full call number Barcode Date last seen Price effective from Koha item type
    Dewey Decimal Classification     Non-Fiction Footprints International School Library Network Toul Kork Campus Footprints International School Library Network Toul Kork Campus TTP Secondary Non-Fiction Bookshelves 12/16/2024   ARO 910.9 G80.A745 FISSE01210 12/16/2024 12/16/2024 Books